Reformas a la Industria Eléctrica un enfoque en los Centros Nacionales de Control Energético: casos de estudios El Salvador y Nicaragua
La investigación presenta las experiencias de los Centros Nacionales de Control Energético de El Salvador y Nicaragua como producto de los procesos de Reformas a la Industria Eléctrica en ambos países. Se propone un modelo de representación de la operación utilizando técnicas gráficas. Est...
| Main Author: | |
|---|---|
| Other Authors: | |
| Format: | Tesis Section = Libro |
| Language: | Undetermined Spanish |
| Published: |
Managua
UNI
[s.f.]
|
| Subjects: |
| LEADER | 01315nam a2200241Ia 4500 | ||
|---|---|---|---|
| 008 | 240830s9999 xx 000 0 und d | ||
| 040 | |a BIBLIOTECA-RUSB/ Mon 621.3 S194 | ||
| 041 | |a spa | ||
| 082 | |a Mon 621.3 S194 | ||
| 100 | 1 | |a Sánchez Soto, Fidel Ernesto | |
| 245 | 1 | 0 | |a Reformas a la Industria Eléctrica un enfoque en los Centros Nacionales de Control Energético: casos de estudios El Salvador y Nicaragua |
| 260 | |a Managua |b UNI |c [s.f.] | ||
| 300 | |a 86 p. :il. | ||
| 502 | |a Tesis (Ingeniero Eléctrico) - UNI, [s.f] . | ||
| 520 | 3 | |a La investigación presenta las experiencias de los Centros Nacionales de Control Energético de El Salvador y Nicaragua como producto de los procesos de Reformas a la Industria Eléctrica en ambos países. Se propone un modelo de representación de la operación utilizando técnicas gráficas. Este modelo ha sido elaborado a partir de entrevistas realizadas al personal de estos centros. Se describen además conceptos básicos de los procesos de Reformas a la Industria Eléctrica. | |
| 650 | 7 | |a INDUSTRIA ELECTRICA-REFORMA | |
| 650 | 7 | |b CONTROL ENERGETICO | |
| 650 | 7 | |c SISTEMA ELECTRICO NACIONAL | |
| 650 | 7 | |d ELECTRICIDAD-NICARAGUA | |
| 700 | 1 | |a Tutor: |b Plazaola Prado, José Leonel | |
| 942 | |c BK |2 ddc | ||
| 991 | |a TESIS | ||
| 999 | |c 20074 | ||